000 00811nam a2200217 a 4500
005 20210518150516.0
008 210518rnyu 199 |||gr|||| 00| 0 eng d
020 _a0415903092
040 _aCO-BoUCM
_bspa
_cDeissy Garcia
_dDeissy Garcia
041 0 _aeng
100 1 _aLipset, Seymour Martin
_929553
245 1 0 _aContinental divide: the values and institutions of the United States and Canada
_cSeymour Martin Lipset
260 _bNew York
_cRoutledge
_a1990
300 _axviii, 337 páginas
504 _aIncluye referencias bibliográficas
650 7 _a Relaciones internacionales
_98042
651 1 _aCanadá
_xPolítica y gobierno
_933469
651 1 _aEstados Unidos
_x Política y gobierno
_930623
942 _cLIBRO
_2DEWEY
_a6
_e1
_h320.973
_mL767c
_n0
999 _c313740
_d313740